Signs Of Hope; (Record no. 202287)

MARC details
000 -LEADER
fixed length control field 00591 a2200205 4500
005 - DATE AND TIME OF LATEST TRANSACTION
control field 20240419113149.0
010 ## - LCCN (DPL NO)
LC control number B-758652
020 ## - INTERNATIONAL STANDARD BOOK NUMBER
International Standard Book Number 9780192852256
Terms of availability 120.00
035 ## - SYSTEM CONTROL NUMBER
System control number B-758652
037 ## - SOURCE OF ACQUISITION
Source of stock number/acquisition Gift/Unesco
082 ## - DEWEY DECIMAL CLASSIFICATION NUMBER
Classification number 333.72
100 ## - MAIN ENTRY--PERSONAL NAME
Personal name Starke, Linda
245 ## - TITLE STATEMENT
Title Signs Of Hope;
Remainder of title Working Towards Our Common Future/
Statement of responsibility, etc Linda Starke
260 ## - PUBLICATION, DISTRIBUTION, ETC. (IMPRINT)
Place of publication, distribution, etc New York
Name of publisher, distributor, etc Oxford
Date of publication, distribution, etc 1990
270 ## - ADDRESS
Address New York
300 ## - PHYSICAL DESCRIPTION
Extent 192p.;
Dimensions 22cm. (Pbk)
500 ## - GENERAL NOTE
General note Index
942 ## - ADDED ENTRY ELEMENTS (KOHA)
Institution code [OBSOLETE] dpl
Item type English Books
Source of classification or shelving scheme Dewey Decimal Classification
Classification part 333.72
Call number suffix LIN
Holdings
Withdrawn status Lost status Not for loan Collection code Home library Current library Date acquired Source of acquisition Cost, normal purchase price Full call number Barcode Copy number Cost, replacement price Koha item type Public note
      Non-fiction Janak Puri Janak Puri 19/04/2024 Gift/4.4.24 120.00 333.72 LIN B-758652 1 120.00 English Books Gift

© Delhi Public Library
Hit Counter
free hit counter